000 01059cab a2200265 4500
001 WB3403-19
008 090401t1998 xxu||||| |||| 00| 0 eng d
035 _a(Sirsi) u83204
041 _aeng
245 _aGreenbelt to go
260 _c1998
350 _a0
490 _aTimes
_v20 January 1998, 4
490 _aFinancial Times
_v20 January 1998, 20; 21 January 1998, 9
490 _aSunday Times
_v18 January 1998, 1.5(4)
520 _aUp to 1,000 square miles of countryside is to be bulldozed to make way for the planned 4.4m new homes. Several local authorities are putting forward proposals to sacrifice green belt land, with a Tyneside site already approved for 2,500 homes. This decision has been attacked by environmentalists and ministers. Includes map showing how the new homes will be spread amongst English shires.
650 _aCOUNTRYSIDE
650 _aFUTURE HOMES
650 _aGREEN BELT LAND
650 _aNEW HOMES
650 _aNEWCASTLE UPON TYNE
690 _aHOUSING-DEVELOPMENT
942 _n0
948 _c20/01/1998
999 _c52542
_d52542